A first course in digital systems design: an integrated approach (Record no. 8395)
[ view plain ]
| 000 -LEADER | |
|---|---|
| fixed length control field | 00573 a2200157 4500 |
| 020 ## - INTERNATIONAL STANDARD BOOK NUMBER | |
| International Standard Book Number | 0534934129 |
| 040 ## - CATALOGING SOURCE | |
| Original cataloging agency | DLC |
| 100 1# - MAIN ENTRY--PERSONAL NAME | |
| Personal name | Uyemura, John P. |
| 245 12 - TITLE STATEMENT | |
| Title | A first course in digital systems design: an integrated approach |
| Remainder of title | an integrated approach / |
| Statement of responsibility, etc. | John P. Uyemura. |
| 246 30 - VARYING FORM OF TITLE | |
| Title proper/short title | Digital systems design. |
| 260 ## - PUBLICATION, DISTRIBUTION, ETC. | |
| Place of publication, distribution, etc. | Pacific Grove, Calif. : |
| Name of publisher, distributor, etc. | Brooks/Cole, |
| Date of publication, distribution, etc. | [1999], c2000. |
| 300 ## - PHYSICAL DESCRIPTION | |
| Extent | xv, 495 p. : |
| Other physical details | ill. : |
| Dimensions | 26 cm. |
| 500 ## - GENERAL NOTE | |
| General note | Includes index. |
| 650 #0 - SUBJECT ADDED ENTRY--TOPICAL TERM | |
| Topical term or geographic name entry element | Integrated circuits |
| General subdivision | Very large scale integration |
| -- | Computer-aided design. |
| 942 ## - ADDED ENTRY ELEMENTS (KOHA) | |
| Koha item type | Book |
| Call number prefix | 621.395 UYE |
| Source of classification or shelving scheme | |
| Withdrawn status | Lost status | Damaged status | Not for loan | Collection code | Permanent Location | Current Location | Shelving location | Date acquired | Source of acquisition | Cost, normal purchase price | Total Checkouts | Full call number | Barcode | Date last seen | Price effective from | Koha item type |
|---|---|---|---|---|---|---|---|---|---|---|---|---|---|---|---|---|
| Central Library (CL) | Central Library (CL) | General Stacks | 10/30/2002 | Pak Book Corporation | 596.45 | 621.395 UYE | SEECS002706 | 11/14/2012 | 01/05/2017 | Book |
